| 000 | 01097cab a2200181 4500 | ||
|---|---|---|---|
| 001 | ##L133213 | ||
| 008 | 060420n2006 000 0 eng u | ||
| 035 | _a(Sirsi) u133213 | ||
| 041 | 0 | _aeng | |
| 100 | 1 | _aMcintosh, Angus | |
| 245 | 0 | 0 |
_aEuropean property bank lending _bthe hot sector |
| 260 | _c2006 | ||
| 490 | 0 |
_aProperty Forecast _v9(3) March 2006, 4-5(2) |
|
| 520 | _aPresents the findings of the annual King Sturge interview survey. The participants consisted of 30 property investors and 30 property bankers, many who are larger players in the European property market. It focused on collecting qualitative data on topics such as the lending market, projected returns, rental growth property investment yields, new areas of interest in the property investment market and property energy certificates. In conclusion, the results indicated that because occupancy levels are rising, lending into the property investment market looks like a safe option in 2006. | ||
| 590 | _aIKA250406 | ||
| 690 | _aPROPERTY-COMMERCIAL PROPERTY-COMMERCIAL PROPERTY FINANCE AND INVESTMENT | ||
| 942 | _n0 | ||
| 999 |
_c76867 _d76867 |
||